000 00339nam a2200133Ia 4500
008 240624s9999 xx 000 0 und d
041 _aeng
082 _a658.8 ELE
100 _a3G LEARNING
245 _aBUSINESS TO BUSINESS MARKETING
260 _c2015
_aUnited Kingdom
_b3G Learning
300 _avii, 277 p.; 23 cm.
365 _cRS
_b38
999 _c31054
_d31054